The Herdsman's daughter / (Record no. 13922)

MARC details
000 -LEADER
fixed length control field 00593nam a22002052 4500
001 - CONTROL NUMBER
control field 0000024293
005 - DATE AND TIME OF LATEST TRANSACTION
control field 20151217155915.0
008 - FIXED-LENGTH DATA ELEMENTS--GENERAL INFORMATION
fixed length control field 130625s xx 000 0 eng d
020 ## - INTERNATIONAL STANDARD BOOK NUMBER
International Standard Book Number 9966466808 :
040 ## - CATALOGING SOURCE
Original cataloging agency KABU
Transcribing agency KABU
100 1# - MAIN ENTRY--PERSONAL NAME
Personal name Chahilu, Bernard.
-- 0000184288
245 14 - TITLE STATEMENT
Title The Herdsman's daughter /
Statement of responsibility, etc. Bernard Chahilu.
250 ## - EDITION STATEMENT
Edition statement 1st ed.
260 ## - PUBLICATION, DISTRIBUTION, ETC. (IMPRINT)
Place of publication, distribution, etc. Nairobi :
Name of publisher, distributor, etc. E. A. E. P.,
Date of publication, distribution, etc. 1995.
300 ## - PHYSICAL DESCRIPTION
Extent 228 p.
650 #0 - SUBJECT ADDED ENTRY--TOPICAL TERM
Topical term or geographic name as entry element Kenyan fiction (English)
-- 0000184269
852 1# - LOCATION
-- p430 KES
908 ## - PUT COMMAND PARAMETER (RLIN)
Put command parameter 130625
950 ## - LOCAL HOLDINGS (RLIN)
-- 1
Holdings
Withdrawn status Lost status Source of classification or shelving scheme Not for loan Home library Current library Date acquired Total Checkouts Full call number Barcode Date last seen Price effective from Koha item type
    Library of Congress Classification   Kabarak, Main Campus Kabarak, Main Campus 17/12/2015   PR9381.9 .C43H47 1995 c. 1 015441 17/12/2015 17/12/2015 Africana Collection
Designed with assistance from East African Informatics Ltd